000 00948cam a22002771 4500
999 _c21836
_d21836
001 7052665
003 BDDh-ASL
005 20231015030041.0
008 770506s1964 ii b 000 0 eng
010 _asa 65000054
035 _a(OCoLC)2945682
040 _aDLC
_cTxBeaL
_dNSyU
_dDLC
_dBDDh-ASL
042 _apremarc
050 0 0 _aDS480.84
_b.R27 1964
082 _a327.54
_bRAI
100 1 _aRajan, Mannaraswamighala Sreeranga.
245 1 0 _aIndia in world affairs, 1954-56:
_cby M. S. Rajan. Issued under the auspices of the Indian Council of World Affairs /
260 _aBombay, New York:
_bAsia Pub. House,
_c[1964]
300 _axvi, 675 p.
_c25 cm.
490 1 _aIndia in world affairs,
_vv.3
504 _aBibliography: p. 643-665.
651 0 _aIndia
_xForeign relations.
810 2 _aIndian Council of World Affairs.
_tIndia in world affairs ;
_vv. 3.
906 _a7
_bcbc
_coclcrpl
_du
_encip
_f19
_gy-gencatlg
942 _2ddc
_cBK